|
|
|
|
| LEADER |
00000nsb a2200000 a 4500 |
| 005 |
20230308204413.0 |
| 008 |
011071| ||||||||r|||||||||||spa|| |
| 022 |
|
|
|a 1315-5725
|
| 040 |
|
|
|b spa
|
| 041 |
1 |
|
|a spa
|
| 082 |
0 |
|
|a 617.605
|
| 245 |
|
|
|a Investigación clínica sobre restauraciones de amalgama adhesivas
|c Michal Staninec
|h imp
|
| 264 |
|
|
|a Caracas
|b Actualidades Médico Odontológicas Latinoamérica
|c 1999/2000
|
| 300 |
|
|
|a pp 37-46
|b ilu
|c 33 cm
|
| 310 |
|
|
|a Bimestral
|
| 362 |
|
|
|a Año 15 - N° 4 - 1999/2000
|
| 504 |
|
|
|a incl. ref.
|
| 520 |
3 |
|
|a Este artículo consiste en dos partes: en la parte uno, se presentan los resultados de un estudio piloto sobre interfases amalgama adhesivadiente. En la parte dos, los autores discuten nuevos estudios y la técnica clínica. Los productos comericales son comparados; y otros experimentos clínicos ahora en progreso, concernientes a la fuerza de unión de la amalgama adhesiva y la habilidad para eliminar el micro espacio, son investigables
|
| 650 |
|
|
|a Dientes temporales exoliados
|9 281582
|
| 650 |
|
|
|a Restauraciones de amalgama adhesivas
|9 281583
|
| 650 |
|
|
|a Resina adherida
|9 281584
|
| 650 |
|
|
|a Estructura del diente
|9 281585
|
| 700 |
|
|
|a Staninec, Michal
|9 281586
|
| 700 |
|
|
|a Marshall, Grayson W
|9 281587
|
| 700 |
|
|
|a Lowe, Arthur
|9 281588
|
| 700 |
|
|
|a Ruzickova, Tamara
|9 281589
|
| 710 |
|
|
|a Actualidades Médico Odontológicas Latinoamérica
|9 191073
|
| 773 |
0 |
|
|0 29841
|9 29841
|a Staninec, Michal Actualidades Médico Odontológicas Latinoamérica
|d Caracas Actualidades Médico Odontológicas Latinoamérica 1999/2000
|o 29841
|w 29841
|x 1315-5725
|t Revista Journal de Clínica en Odontología
|6 29841
|
| 852 |
|
|
|a UC-SALUD
|c ESTANTERIA ABIERTA
|f Compra
|k luis.contrerase
|l 1
|m General
|p 20110713
|q 100
|b 0
|d CDRS
|e CDRS
|g 617.605 ESTANTERIA ABIERTA
|z 2011-10-71
|
| 942 |
|
|
|c SERA
|
| 999 |
|
|
|c 108453
|d 108453
|